Endoscopic sinus surgery : new horizons /

Bibliographic Details
Main Author: Bhatt, Nikhil J.
Format: Book
Language:English
Published: San Diego : Singular Pub. Group, [1997]
Subjects:

MARC

Tag First Indicator Second Indicator Subfields
LEADER 00000cam a2200000 a 4500
001 in00004490921
005 20191203081626.0
008 970430s1997 caua b 001 0 eng c
010 |a  97020818  
020 |a 1565938976 
035 |a (OCoLC)36884829 
035 |9 AAH5978MS 
035 |z (UtOrBLW)25773 
035 |a 39582 
040 |a DNLM/DLC  |c DLC  |d NLM  |d UtOrBLW 
049 |a TMVM  |c 1 
050 1 0 |a RF421  |b .B48 1997 
060 0 0 |a 1997 J-201 
060 1 0 |a WV 17  |b B575e 1997 
060 4 |a WV 17  |b B575e 1997 
069 0 |a 9708088 
082 0 0 |a 617.5/2  |2 21 
100 1 |a Bhatt, Nikhil J. 
245 1 0 |a Endoscopic sinus surgery :  |b new horizons /  |c Nikhil J. Bhatt. 
264 1 |a San Diego :  |b Singular Pub. Group,  |c [1997] 
264 4 |c ©1997 
300 |a 179 pages :  |b illustrations (some color) ;  |c 29 cm. 
336 |a text  |2 rdacontent  |b txt 
337 |a unmediated  |2 rdamedia 
338 |a volume  |2 rdacarrier  |b nc 
504 |a Includes bibliographical references (pages 171-172) and index. 
650 2 |a Paranasal Sinuses  |x surgery. 
650 2 |a Paranasal Sinuses  |x anatomy & histology. 
650 2 |a Endoscopy. 
655 2 |a Atlases. 
948 |a Retain per EC; 2002 evaluation; nb, 09/02/2002. 
999 |a MARS 
999 f f |s 2c818d4a-f797-3fa6-a2f4-1a64a7d70331  |i 83c32534-118d-3957-aed4-108413d3c4fd  |t 0 
952 f f |p ric  |a Texas A&M University  |b Rellis Campus  |c Joint Library Facility  |d Remote Storage  |t 0  |e WV 17 B575e 1997  |h National Library of Medicine classification  |i unmediated -- volume  |m 3238901268627 
998 f f |a WV 17 B575e 1997  |t 0  |l Remote Storage